| 000 | 01072nam a2200217Ia 4500 | ||
|---|---|---|---|
| 003 | Ost | ||
| 005 | 20260507075557.0 | ||
| 008 | 260507s9999||||xx |||||||||||||| ||und|| | ||
| 040 | _cfsecg | ||
| 041 | _aara | ||
| 082 | _a330 | ||
| 100 |
_aالعزاوي، محمدعبد الوهاب _eمؤلف |
||
| 245 | 0 |
_aادارة الجودة الشاملة / _c محمدعبد الوهاب العزاوي |
|
| 260 |
_aعمان: _bدار اليازوري العلمية للنشر والتوزيع, _c2005 |
||
| 300 |
_a160 صفحة؛ _bإيضاحات ؛ _c24 سم |
||
| 504 | _aمراجع ص.151 | ||
| 520 | _aمفهوم الجودة و مدخل في ادارة الجودة الشاملة و كذا مبادئ و متطلبات ادارة الجودة الشاملة اضافة الى ادوات ادارة الجودة الشاملة -مخططات الرقابة و اخيرا ادوات ادارة الجودة الشاملة خرائط المراقبة. | ||
| 653 | _aادارة الانتاج | ||
| 653 | _aادارة الجودة الشاملة | ||
| 942 | _cكتاب | ||
| 999 |
_c44974 _d44974 |
||